000 00367nam a2200133Ia 4500
008 220217s9999||||xx |||||||||||||| ||und||
020 _a0-07-049897-0
082 _a005.13 HIL
100 _aHillborg, Mikael
_93247
245 0 _aWireless XML developer's guide
260 _aTata mcgraw hill
_bNew Delhi
_c2002
300 _b325
650 _aPROGRAMMING LANGUAGE
999 _c171246
_d171246